00692nam a2200229 a 4500001001300000003000900013005001700022008004100039020002300080082001800103100001900121245005800140260002500198300000900223500003500232650002700267700001900294902000800313942000700321952011900328999001500447nice12345678IN_TiNIC20260116012310.0070830s1993 dela grp 000 0 eng  a817214069X c10000a261.1092bELW aElwin, Verrier aDin-Sevakb Verrier`s Life of Service in Tribal India aDelhi bISPCK c1993 a285p aincludes index and biblioraphy aChurch-Social Services1 aElwin, Verrier bSRS cBK 001040708StackRoom-aHMIbHMId2007-08-30g100.00l0o261.1092 ELWp014795r2007-08-30v100.00w2007-08-30yBK c6449d6449